000 00725nam a22002057a 4500
005 20250326125910.0
010 _aENG-143380
020 _a9788197865978
_c500.00
035 _aEN-126912
037 _bDBAD
082 _a338.9
_21
245 _aQuestion of Development & Freedom:
_bColonial and Post-Colonial India/
_cEd. by Partha Banerjee [and] Sujan Debnath
250 _a1
260 _aKolkata
_bProgressive Publishers
_c2024
270 _bKolkata
_a37A, College Street
_e700073
_mprogressivepubl@yahoo.co.in
_k9830305810
_k9038296630
300 _a474p.
_bIndex
_c22cm(hb)
700 _aBanerjee, Partha
_970194
_eEditor
700 _aDebnath, Sujan
_eEditor
_979936
942 _2ddc
_cEN
_mDEV
_h338.9
999 _c210516
_d210516